Statistics for Movie Ditloids #2 (Puzzle Quiz)

Click here to take the quiz!

General Stats

  • This quiz has been taken 70 times
  • The average score is 9 of 15

Answer Stats

DitloidAnswer% Correct
40 D and 40 N40 Days and 40 Nights
89%
20000 L under the S20000 Leagues under the Sea
84%
28 D L28 Days Later
81%
The 40 Y O VThe 40 Year Old Virgin
78%
7 B for 7 B7 Brides for 7 Brothers
71%
(500) D of S(500) Days of Summer
68%
The 39 SThe 39 Steps
68%
3 M and a L L3 Men and a Little Lady
67%
M on 34 SMiracle on 34th Street
65%
7 Y in T7 Years in Tibet
63%
310 to Y310 to Yuma
60%
2 M for S S2 Mules for Sister Sara
22%
3 C in a F3 Coins in a Fountain
22%
1 of our D is M1 of our Dinosaurs is Missing
13%
10 R P10 Rillington Place
8%

Score Distribution

Percentile by Number Answered

Percent of People with Each Score

Your Score History

You have not taken this quiz